000 00477nam a2200193Ia 4500
005 20250423100005.0
008 250422s9999 xx 000 0 und d
020 _a9781444336665
050 _aRC 86.7 .M68/
100 _aChris Moulton
245 0 _aLecture note: Emergency medicine
250 _a4th ed
260 _aUnited Kingdom
260 _bBlackwell Publishing Ltd
260 _c2012
300 _a446 p
650 _a Emergency medicine.
942 _cBK
999 _c31958
_d31958